01483nam a22002897a 4500003000900000005001700009007000300026008004100029020001800070040003100088082003100119100007800150245007100228264004800299300006400347336002700411337003300438338002800471490001400499500007100513500003500584500007300619504003900692505026300731586013500994651006401129DO-SdBPM20260213110619.0ta211129b2019 dr ao||| |||| 00| 0 spa d a9789945503531 aDO-SdBPMbspacBPMSU erda 4a 972.93054bH565g 20192221 aHerrera R., Rafael Darío, q(Herrera Rodríguez)d1955-eautor 4aut. 10aEl gobierno del Triunvirato (1963-1965) /cRafael Darío Herrera. aSanto Domingo : bEditora Nacional, c2019. a243 páginas : bilustraciones, fotografías. ; c21 cm. atextobtxt2rdacontent asin mediaciónbn2rdamedia avolumenbnc2rdacarrier0 aHistoria  aIncluye datos biográficos del autor en la solapa de la cubierta. aIncluye índice onomástico. aIncluye referencias bibliográficas y notas al pie de las páginas aBibliografía : páginas 221-2260 aIntroducción --tEl golpe de Estado --tEl uso cotidiano de la violencia contra los opositores --tLa economía durante el triunvirato -- tMovilizaciones y demandas laborales --tEl triunvirato y la cuestión militar --tLa crisis final del triunvirato. aPremio Anual de Historia José Gabriel García, 2018. Jurado: Héctor Luis Martínez, Juan Daniel Balcácer y Carmen Durán. 7a República Dominicanax Historiay Triunvirato, 1963-1965